<?xml version='1.0' encoding='UTF-8'?>
  <record xmlns="http://www.loc.gov/MARC21/slim">
    <leader>00000cam a2200000 i 4500</leader>
    <controlfield tag="001">ocm08027153</controlfield>
    <controlfield tag="003">OCoLC</controlfield>
    <controlfield tag="005">20250524131426.1</controlfield>
    <controlfield tag="008">811230s1571    ne            001 0 dut d</controlfield>
    <datafield tag="040" ind1=" " ind2=" ">
      <subfield code="a">IMH</subfield>
      <subfield code="b">eng</subfield>
      <subfield code="e">rda</subfield>
      <subfield code="e">dcrmr</subfield>
      <subfield code="c">IMH</subfield>
      <subfield code="d">OCL</subfield>
      <subfield code="d">OCLCQ</subfield>
      <subfield code="d">OCLCO</subfield>
      <subfield code="d">OCLCQ</subfield>
      <subfield code="d">OCLCF</subfield>
      <subfield code="d">RXP</subfield>
      <subfield code="d">IMH</subfield>
      <subfield code="d">OCL</subfield>
      <subfield code="d">OCLCO</subfield>
      <subfield code="d">OCLCQ</subfield>
      <subfield code="d">QGJ</subfield>
      <subfield code="d">OCLCO</subfield>
      <subfield code="d">OCLCL</subfield>
    </datafield>
    <datafield tag="035" ind1=" " ind2=" ">
      <subfield code="a">(OCoLC)8027153</subfield>
    </datafield>
    <datafield tag="041" ind1="1" ind2=" ">
      <subfield code="a">dut</subfield>
      <subfield code="h">ger</subfield>
    </datafield>
    <datafield tag="050" ind1=" " ind2="4">
      <subfield code="a">BX4390</subfield>
      <subfield code="b">.P76 1571</subfield>
    </datafield>
    <datafield tag="082" ind1="0" ind2="4">
      <subfield code="a">230.014</subfield>
      <subfield code="b">F1571pDh</subfield>
      <subfield code="1">https://id.oclc.org/worldcat/ddc/E3f6xRmXJP7TBgW4FfGgCYQT96</subfield>
    </datafield>
    <datafield tag="130" ind1="0" ind2=" ">
      <subfield code="a">Protocoll. Das ist, Alle handlung des gesprechs zu Franckenthal inn der Churfürstlichen Pfaltz.</subfield>
      <subfield code="l">Dutch</subfield>
    </datafield>
    <datafield tag="245" ind1="0" ind2="0">
      <subfield code="a">Protocol. :</subfield>
      <subfield code="b">dat is De Gansche Handelinge des Gesprecks, te Franckenthal, inder CuerVorstelicker Paltz, met dien, welcke men Wederdoopers noemt, den 28. May begonnen, ende den 19. Juny deses, 1571. Jaers, voleyndicht. /</subfield>
      <subfield code="c">Wt den Ouerlantschen Duytsche, in Nederlandstduytsch ghetrouwelick overgheset, door Gaspar vander Heyden, Dienaer der Gemeynte Christi te Franckenthal. Wat voor Artijckelen des Christelicken Geloofs eñ[de] ander dingen, in deser tsamẽ[n]sprekinge verhandelt werden, salmen inde Registers, die achter op het eynde deses Boeckx gestelt zyn, seer bequamelick vinden.</subfield>
    </datafield>
    <datafield tag="264" ind1=" " ind2="1">
      <subfield code="a">[Dordrecht] :</subfield>
      <subfield code="b">[Jan Canin],</subfield>
      <subfield code="c">Ghedruckt int Jaer 1571. den XXV. Nouembris.</subfield>
    </datafield>
    <datafield tag="300" ind1=" " ind2=" ">
      <subfield code="a">24 unnumbered pages, 646 pages, 18 unnumbered pages (last page blank) ;</subfield>
      <subfield code="c">20 cm (8vo)</subfield>
    </datafield>
    <datafield tag="336" ind1=" " ind2=" ">
      <subfield code="a">text</subfield>
      <subfield code="b">txt</subfield>
      <subfield code="2">rdacontent</subfield>
    </datafield>
    <datafield tag="337" ind1=" " ind2=" ">
      <subfield code="a">unmediated</subfield>
      <subfield code="b">n</subfield>
      <subfield code="2">rdamedia</subfield>
    </datafield>
    <datafield tag="338" ind1=" " ind2=" ">
      <subfield code="a">volume</subfield>
      <subfield code="b">nc</subfield>
      <subfield code="2">rdacarrier</subfield>
    </datafield>
    <datafield tag="340" ind1=" " ind2=" ">
      <subfield code="m">8vo</subfield>
      <subfield code="2">rdabf</subfield>
    </datafield>
    <datafield tag="500" ind1=" " ind2=" ">
      <subfield code="a">Signatures: *⁸, **⁴, A-Z⁸, Aa-Ss⁸, Tt⁴.</subfield>
    </datafield>
    <datafield tag="500" ind1=" " ind2=" ">
      <subfield code="a">Irregularities in pagination: pages 34, 69, 297, 378, 581, 584, 585 and 588 numbered 43, 96, 279, 38, 582, 585, 586 and 589 respectively.</subfield>
    </datafield>
    <datafield tag="500" ind1=" " ind2=" ">
      <subfield code="a">Printer's device on title page.</subfield>
    </datafield>
    <datafield tag="500" ind1=" " ind2=" ">
      <subfield code="a">With initials and printed marginalia.</subfield>
    </datafield>
    <datafield tag="500" ind1=" " ind2=" ">
      <subfield code="a">Includes indexes.</subfield>
    </datafield>
    <datafield tag="510" ind1="4" ind2=" ">
      <subfield code="a">Hillerbrand, H.J. Bibliography of Anabaptism, 1520-1630,</subfield>
      <subfield code="c">3838</subfield>
    </datafield>
    <datafield tag="510" ind1="4" ind2=" ">
      <subfield code="a">Valkema Blouw, P. Typographia Batava, 1541-1600,</subfield>
      <subfield code="c">4107</subfield>
    </datafield>
    <datafield tag="510" ind1="4" ind2=" ">
      <subfield code="a">Wulp, J. K. van der. Catalogus van de tractaten, pamfletten, enz. over de geschiedenis van Nederland aanwezig in de bibliotheek van Isaac Meulman,</subfield>
      <subfield code="c">I, 226</subfield>
    </datafield>
    <datafield tag="630" ind1="0" ind2="0">
      <subfield code="a">Bible</subfield>
      <subfield code="x">Hermeneutics</subfield>
      <subfield code="v">Early works to 1800.</subfield>
    </datafield>
    <datafield tag="650" ind1=" " ind2="0">
      <subfield code="a">Anabaptists</subfield>
      <subfield code="x">Controversial literature</subfield>
      <subfield code="v">Early works to 1800.</subfield>
    </datafield>
    <datafield tag="650" ind1=" " ind2="0">
      <subfield code="a">Christian life</subfield>
      <subfield code="x">Biblical teaching</subfield>
      <subfield code="v">Early works to 1800.</subfield>
    </datafield>
    <datafield tag="650" ind1=" " ind2="0">
      <subfield code="a">Church and state</subfield>
      <subfield code="x">Biblical teaching</subfield>
      <subfield code="v">Early works to 1800.</subfield>
    </datafield>
    <datafield tag="611" ind1="2" ind2="0">
      <subfield code="a">Frankenthal Disputation</subfield>
      <subfield code="d">(1571)</subfield>
    </datafield>
    <datafield tag="630" ind1="0" ind2="6">
      <subfield code="a">Bible</subfield>
      <subfield code="x">Herméneutique</subfield>
      <subfield code="v">Ouvrages avant 1800.</subfield>
    </datafield>
    <datafield tag="650" ind1=" " ind2="6">
      <subfield code="a">Anabaptistes</subfield>
      <subfield code="x">Ouvrages de controverse</subfield>
      <subfield code="v">Ouvrages avant 1800.</subfield>
    </datafield>
    <datafield tag="650" ind1=" " ind2="6">
      <subfield code="a">Vie chrétienne</subfield>
      <subfield code="x">Enseignement biblique</subfield>
      <subfield code="v">Ouvrages avant 1800.</subfield>
    </datafield>
    <datafield tag="650" ind1=" " ind2="6">
      <subfield code="a">Église et État</subfield>
      <subfield code="x">Enseignement biblique</subfield>
      <subfield code="v">Ouvrages avant 1800.</subfield>
    </datafield>
    <datafield tag="630" ind1="0" ind2="7">
      <subfield code="a">Bible</subfield>
      <subfield code="2">fast</subfield>
    </datafield>
    <datafield tag="650" ind1=" " ind2="7">
      <subfield code="a">Anabaptists</subfield>
      <subfield code="x">Controversial literature</subfield>
      <subfield code="2">fast</subfield>
    </datafield>
    <datafield tag="650" ind1=" " ind2="7">
      <subfield code="a">Anabaptists</subfield>
      <subfield code="2">fast</subfield>
    </datafield>
    <datafield tag="650" ind1=" " ind2="7">
      <subfield code="a">Christian life</subfield>
      <subfield code="x">Biblical teaching</subfield>
      <subfield code="2">fast</subfield>
    </datafield>
    <datafield tag="650" ind1=" " ind2="7">
      <subfield code="a">Church and state</subfield>
      <subfield code="x">Biblical teaching</subfield>
      <subfield code="2">fast</subfield>
    </datafield>
    <datafield tag="650" ind1=" " ind2="7">
      <subfield code="a">Hermeneutics</subfield>
      <subfield code="2">fast</subfield>
    </datafield>
    <datafield tag="655" ind1=" " ind2="7">
      <subfield code="a">Early works</subfield>
      <subfield code="2">fast</subfield>
    </datafield>
    <datafield tag="655" ind1=" " ind2="7">
      <subfield code="a">Controversial literature</subfield>
      <subfield code="2">fast</subfield>
    </datafield>
    <datafield tag="700" ind1="1" ind2=" ">
      <subfield code="a">Heidanus, Caspar,</subfield>
      <subfield code="d">1530-1586,</subfield>
      <subfield code="e">translator.</subfield>
      <subfield code="4">trl</subfield>
    </datafield>
    <datafield tag="700" ind1="1" ind2=" ">
      <subfield code="a">Canin, Jan,</subfield>
      <subfield code="d">1534-</subfield>
      <subfield code="e">printer.</subfield>
      <subfield code="4">prt</subfield>
    </datafield>
    <datafield tag="710" ind1="1" ind2=" ">
      <subfield code="a">Palatinate (Electorate).</subfield>
      <subfield code="b">Elector (1559-1576 : Friedrich III)</subfield>
    </datafield>
    <datafield tag="752" ind1=" " ind2=" ">
      <subfield code="a">Netherlands</subfield>
      <subfield code="d">Dordrecht,</subfield>
      <subfield code="e">publication place.</subfield>
      <subfield code="4">pup</subfield>
    </datafield>
  </record>